| 000 | 01136nam a2200265Ia 4500 | ||
|---|---|---|---|
| 003 | OSt | ||
| 005 | 20200805124139.0 | ||
| 008 | 191128s2009 ck fr 000 0dspa d | ||
| 020 | _a9789586538008 | ||
| 040 |
_aCO-JMCR _cCO-JMCR |
||
| 041 | 0 | _aspa | |
| 082 | 0 | 4 |
_a343.056 / _bC151d _223 |
| 100 | 1 |
_aCamargo González, Juan Manuel, _eautor _98434 |
|
| 245 | 1 | 0 |
_aDerecho aduanero colombiano / _cJuan Manuel Camargo G. |
| 250 | _aPrimera edición | ||
| 260 |
_aBogotá : _bLegis, _c2009 |
||
| 300 |
_axvii, 711 páginas ; _c24 cm. |
||
| 500 | _aIncluye datos biográficos del autor en solapa frontal y notas a pie de página. | ||
| 504 | _aBibliografía: páginas 707-711 | ||
| 505 | 0 | _aEstructura normativa del derecho aduanero colombiano -- Actividades sujetas a autorización estatal -- Sujetos de la actuación aduanera -- Las agencias de aduana -- Los usuarios aduaneros permanentes -- Los usuarios altamente exportadores | |
| 650 | 1 | 4 |
_aLegislación aduanera _zColombia _98435 |
| 650 | 1 | 4 |
_aRegulación del comercio exterior _zColombia _98436 |
| 651 | 4 |
_aColombia _xcomercio exterior _xlegislación _98437 |
|
| 942 |
_2ddc _cBK |
||
| 999 |
_c5901 _d5901 |
||